| 000 | 01332nam0a22003131 4500 | ||
|---|---|---|---|
| 001 | rc\3161109 | ||
| 005 | 20250530085107.0 | ||
| 021 |
_aRU _b[76-105430] |
||
| 035 | _a(NLR Aleph) 007325398 | ||
| 090 |
_a5953599 _c5953599 |
||
| 100 | _a20120615d1976 |||y0rusy50 ca | ||
| 101 | 0 | _arus | |
| 102 | _aRU | ||
| 105 | _aa z ||||| | ||
| 200 | 1 |
_aЭкспериментальное моделирование процессов магматогенного породо- и рудообразования _fЭ. Искандаров, А. Мусаев, И. Хамрабаев _gАН УзССР Ин-т геологии и геофзики им. Х.М. Абдуллаева |
|
| 210 |
_aТашкент _cФан _d1976 |
||
| 215 |
_a120 с. _cил. _d22 |
||
| 320 | _aСписок лит.: с. 110-119 | ||
| 606 |
_aМинералогия экспериментальная _2psbo |
||
| 606 |
_aРудообразование _xМоделирование _2psbo |
||
| 700 | 1 |
_aИскандаров _bЭ. _gЭшим |
|
| 701 | 1 |
_4070 _7ca _8rus _aХамрабаев _bИ. Х. _f1920-2002 _gИбрагим Хамрабаевич _9267356 _3RU\NLR\AUTH\770267412 |
|
| 701 | 1 |
_aМусаев _bА. _gАлишер |
|
| 801 | 0 |
_aRU _bNLR _gpsbo |
|
| 801 | 1 |
_aRU _bELAR _2rusmarc |
|
| 852 |
_aNLR _j77-5/3053 |
||
| 942 | _cBOOK | ||
| 980 | _aNB | ||